Tom Brown’s school days (Record no. 36592)

MARC details
000 -LEADER
fixed length control field 00419nam a2200181Ia 4500
020 ## - INTERNATIONAL STANDARD BOOK NUMBER
ISBN 0460 05003 6
050 ## - CALL MARK
Classification number PZ 7 .H87 .T66/
100 ## - STATEMENT OF RESPONSIBILITY--MAIN AUTHOR NAME
Personal name Hughes, Thomas
245 #0 - TITLE STATEMENT
Title Tom Brown’s school days
260 ## - PUBLICATION, DISTRIBUTION, ETC. (IMPRINT)
Place of publication London
260 ## - PUBLICATION, DISTRIBUTION, ETC. (IMPRINT)
Name of publisher J. M. Dent & Sons
260 ## - PUBLICATION, DISTRIBUTION, ETC. (IMPRINT)
Year of publication 1975
300 ## - PHYSICAL DESCRIPTION
Number of Pages 340 p
650 ## - SUBJECT ADDED ENTRY--TOPICAL TERM
Topical Term Literature
942 ## - ADDED ENTRY ELEMENTS (KOHA)
Koha item type Books
Holdings
Withdrawn status Lost status Source of classification or shelving scheme Damaged status Not for loan Permanent Location Current Location Date acquired Accession Number Price effective from Koha item type
    Library of Congress Classification     NILE UNIVERSITY OF NIGERIA - MAIN LIBRARY NILE UNIVERSITY OF NIGERIA - MAIN LIBRARY 04/23/2025 0006716 04/23/2025 Books